| 000 | 00797nam a2200217Ia 4500 | ||
|---|---|---|---|
| 999 |
_c4459 _d4459 |
||
| 003 | OSt | ||
| 005 | 20200511130805.0 | ||
| 008 | 191128s2006 ag a br 000 j spa d | ||
| 020 | _a9502408411 | ||
| 040 |
_aCO-JMCR _cCO-JMCR |
||
| 041 | 0 | _aspa | |
| 082 | 0 | 4 |
_aC / _2MOSe |
| 100 |
_aMoses, Brian, _eautor _94189 |
||
| 245 | 1 | 0 |
_aEstoy aburrido / _cBrian Moses ; ilustraciones Mike Gordon |
| 260 | _aBuenos aires | ||
| 260 |
_bAlbatros ; _c2006 |
||
| 300 |
_a31 páginas : _bilustraciones a color ; _c20 cm. |
||
| 520 | _aEsta colección aborda muchos de los sentimientos que experimentan con frecuencia los niños pequeños. Cada título enfoca alguno de ellos con realismo, humor y calidez, además de plantear salidas positivas. | ||
| 650 |
_aCuentos infantiles _94190 |
||
| 942 |
_2ddc _cBK |
||